Митически чудовища (Запис номер 94071)
[ съкратено ]
| 000 -Лидер | |
|---|---|
| Лидер | 01753nam a2200361 a 4500 |
| 003 - Код на организацията, давaща контролен номер | |
| Код на организацията, даваща контролен номер | BLK |
| 005 - Дата и час на последна редакция | |
| Дата и час на последна редакция | 20250722121941.0 |
| 008 - Елементи от данни с фиксирана дължина | |
| Елементи с фиксирана дължина | 180408b bul|||||r ||||||| ||bul|| |
| 020 ## - Международен стандартен номер на книга ISBN | |
| ISBN | 9789549226515 |
| 020 ## - Международен стандартен номер на книга ISBN | |
| ISBN | 978-954-92265-1-5 |
| 040 ## - Източник на каталожния запис | |
| Код на библиотеката | BLK |
| 041 ## - Код за език | |
| Език | Български |
| Език за КДБФ | Български |
| 080 ## - УДК | |
| УДК текст | Свръхсетивен свят. Шаманизъм. Духове, магьосници, дракони, великани и др. |
| УДК код | 398.4 |
| УДК – определител | :087.5 |
| УДК – код + определител | 398.4:087.5 |
| 080 ## - УДК | |
| УДК текст | Издания за деца и юноши. Книжки-картинки. Читанки. Вж и 372.4 |
| УДК код | 087.5 |
| УДК – определител | :398.4 |
| УДК – код + определител | 087.5:398.4 |
| 9 (RLIN) | 231478 |
| 100 1# - Редна дума - Автор | |
| Автор | Макнаб, Крис |
| R(LIN) | 305760 |
| 245 10 - Сведения за заглавието | |
| Заглавие | Митически чудовища |
| Подзаглавни данни | Най-страховитите създания от легендите, литературата и киното |
| Авторска отговорност | Крис Макнаб; прев. Благовест Моллов. |
| 257 ## - Страна на издаване | |
| Страна на създаване/издаване | Съединени американски щати |
| 260 ## - Област на издателските данни | |
| Място на издаване | София |
| Име на издателя | Негус Груп |
| Година на издаване | 2008 |
| Печатница | София : Демакс |
| 300 ## - Физическа характеристика | |
| Брой страници | 96 с. |
| Илюстрации | с цв. ил. |
| Размер | 21х28 см |
| 380 ## - Жанр | |
| Жанр | Детска отраслова лит. |
| 490 1# - СЕРИИ (Колекции) | |
| Серия | Да паднеш от страх! |
| Номер в серията | 1 |
| ISSN на серия | C625-8689 |
| 500 ## - Общи забележки | |
| Обща забележка | Ориг. загл. Mythical monsters / Chris McNab. - Авт. не е отбелязан на кор . |
| 650 #4 - Допълнително описание по предмет – тема | |
| Предметна рубрика | Чудовища |
| 9 (RLIN) | 177712 |
| 650 #4 - Допълнително описание по предмет – тема | |
| Предметна рубрика | Митология |
| 9 (RLIN) | 162418 |
| 653 ## - Ключова дума – ненормативна | |
| Ключови думи | чудовища |
| 653 ## - Ключова дума – ненормативна | |
| Ключови думи | детска литература |
| 700 ## - Други автори (авторска отговорност) | |
| Друг автор | Моллов, Благовест Сотиров |
| Авт. отговорност на др. автор | прев. от англ. |
| 9 (RLIN) | 373617 |
| 852 ## - Местоположение | |
| Сигнатура (форматна) | Цб 250466 |
| Отдел | Хранилище |
| Систематично-азбучна сигнатура | 39/М 19 К |
| 942 ## - АРТИКУЛИ | |
| Вид на библиотечния документ | Книги |
| Скрит в OPAC | Не |
| Koha issues (borrowed), all copies | 4 |
| 944 ## - СЪЗДАВАНЕ И РЕДАКЦИЯ на ЗАПИСА | |
| Създаване/Редакция | Създаване |
| Дата на регистрацията/редакция | 11.01.2011 |
| Служител, извършил регистрацията/редакцията | 30564 |
| Номер на служител | Анна Гръцманова |
| 944 ## - СЪЗДАВАНЕ И РЕДАКЦИЯ на ЗАПИСА | |
| Създаване/Редакция | Редакция |
| Дата на регистрацията/редакция | 2023-07-19 |
| Служител, извършил регистрацията/редакцията | СТ |
| 999 ## - СИСТЕМНИ КОНТРОЛНИ НОМЕРА | |
| Koha biblionumber | 94071 |
| Koha biblioitemnumber | 94071 |
| Код за отписване | Код за изгубен артикул | Код за повреда | Коз за рестрикции | Код за отдаване | Артикулен № | Име на библиотеката - собственик | Име на библиотеката, в която се намира в момента | Статус (Текущо местоположение) | Дата на вписване в системата | Местоположение - отдел | Цена в лева | Инвентарен номер | Систематично азбучна сигнатура | Баркод | Номер на екземпляра | Цена в евро | Служебна бележка | Служебен тип на артикула | Източник на класификационната схема |
|---|---|---|---|---|---|---|---|---|---|---|---|---|---|---|---|---|---|---|---|
| Не е изгубен | Не е повреден | без рестрикции | ползва се в читалня | 151135 | Регионална библиотека "Любен Каравелов" Русе | Регионална библиотека "Любен Каравелов" Русе | Хранилище | 2011-01-11 | Хранилище | 14.90 | 120000748485 | Цб 250466 | 120000748485 | 1 | 7.62 | Дост: Dp Вид: Д N: 17 Дата: 21.04.2010 | Книги | ||
| Изтеглен | Не е изгубен | Не е повреден | без рестрикции | заемане за дома | 151136 | Регионална библиотека "Любен Каравелов" Русе | Регионална библиотека "Любен Каравелов" Русе | Детски отдел | 2012-05-21 | Детски отдел | 13.41 | 120000757639 | ДН 39/М 19 | 120000757639 | 2 | 6.86 | Дост: DA Вид: А N: 7 Дата: 16.05.2012 Дата инв: 21.08.2015 Бележки инв: Д2015 | Книги | Universal Decimal Classification |
| Не е изгубен | Не е повреден | без рестрикции | заемане за дома | 151137 | Регионална библиотека "Любен Каравелов" Русе | Регионална библиотека "Любен Каравелов" Русе | Подвързия, Комплектуване | 2014-12-10 | Детски отдел | 8.00 | 120000783793 | ДН 39/М 19 | 120000783793 | 3 | 4.09 | Дост: Pk Вид: Ф N: 422 Дата: 10.12.2014 Дата инв: 24.08.2015 Бележки инв: Д2015 | Книги | Universal Decimal Classification | |
| Не е изгубен | Не е повреден | заемане за дома | 931398 | Регионална библиотека "Любен Каравелов" Русе | Регионална библиотека "Любен Каравелов" Русе | Детски отдел | 2023-07-21 | Детски отдел | 14.90 | 120000890368 | 59/П 22 С | 120000890368 | 7.62 | Книги | Universal Decimal Classification |